000 00868nam a2200253Ia 4500
003 OSt
005 20220923213214.0
006 a|||||r|||| 00| 0
007 ta
008 220922b |||||||| |||| 00| 0 hin d
024 _a159,844
037 _cTextual
040 _aARTS
_cARTS
_bhin
041 _2hin
_ahin
082 _aO152,1:g(P:75), K9
100 _aभाटी, देशराज सिंह
245 0 _aहिन्दी में शब्दालंकार विवेचन
246 _aHindī mean shabdālankār vivechana
260 _aदिल्ली
_b अशोक प्रकाशन
_c1969
300 _a368पृ.
_ccm.
650 _aहिन्दी साहित्य
_9156264
942 _hO152,1:g(P:75), K9
_cTEXL
_2CC
999 _c314591
_d314591